| 000 | 00867nam a2200229Ia 4500 | ||
|---|---|---|---|
| 008 | 130821s2005 sp gr spa | ||
| 020 | _a8478005145 | ||
| 040 |
_aCo-BoUCM _bspa |
||
| 041 | 0 | 0 | _aspa |
| 100 | 1 |
_aRodríguez Cruz, Águeda _9162671 |
|
| 245 | 1 | 3 |
_aLa Universidad de Salamanca en Hispanoamérica _cÁgueda Rodríguez Cruz |
| 260 |
_aSalamanca (España) _bEdiciones Universidad de Salamanca _c2005 |
||
| 300 | _a108 páginas | ||
| 490 | 0 |
_aHistoria de la universiad _v76 |
|
| 610 | 2 | 4 |
_aUniversidad de Salamanca _xHistoria _94721 |
| 650 | 0 | 4 |
_aEducación superior _9177 |
| 650 | 0 | 4 |
_aUniversidades _xInfluencia _zAmérica Latina _98214 |
| 830 |
_aBibliografía Básica Medio Universitario. _929597 |
||
| 830 |
_aBibliografía Básica Cátedra Rosarista. _929598 |
||
| 942 |
_cLIBRO _2DEWEY _a1 _e1 _h378.46 _mR696 |
||
| 999 |
_c49201 _d49201 |
||